01681cam a2200349 a 4500001001400000003000800014005001700022006001900039007001500058008004100073020003800114040003000152050002200182082001700204245015400221250001200375260004400387300003600431504005100467520037700518521001700895588004700912650005100959650007001010655002901080700002301109700001901132700003001151710001601181776003501197856009901232EDZ0000996539StDuBDS20161031105256.0m||||||||d||||||||cr |||||||||||141202s2010 cau fo| 001|0|eng|d a9781483387123 (ebook) :cNo price aStDuBDSbengcStDuBDSepn 0aLB3013b.P69 201004a371.102422300aPreventing problem behaviorsh[electronic resource] :bschoolwide programs and classroom practices /cBob Algozzine, Ann P. Daunic, Stephen W. Smith. a2nd ed. aThousand Oaks, Calif. :bCorwin,c2010. a1 online resource (xvi, 231 p.) aIncludes bibliographical references and index.8 aIn today's increasingly diverse PreK-12 classrooms, problem behaviours can often interrupt instructional time and disrupt learning. Designed for 21st-century school leaders, administrators, behaviour specialists, and classroom teachers, this research-based guide offers specific strategies and plans for preventing problem behaviour at both the classroom and school level. aSpecialized. aDescription based on print version record. 0aClassroom managementvHandbooks, manuals, etc. 0aProblem childrenxBehavior modificationvHandbooks, manuals, etc. 7aElectronic books.2local1 aAlgozzine, Robert.1 aDaunic, Ann P.1 aSmith, Stephen W.,d1952-2 aSage eBooks08iPrint version :z978141297048840uhttp://ezproxy.alfaisal.edu/login?url=http://sk.sagepub.com/books/preventing-problem-behaviors